| 000 | 00420nam a2200181Ia 4500 | ||
|---|---|---|---|
| 005 | 20251020182542.0 | ||
| 008 | 200515s9999 xx 000 0 und d | ||
| 082 | _a741:62/L98 | ||
| 100 | _aLUZADDER, Warren J. | ||
| 245 | 0 | _aFundamentos de dibujo en ingenierÃa | |
| 260 | _aMéxico, D.F. | ||
| 260 | _c1960 | ||
| 300 | _a739 | ||
| 500 | _a1 ejemplar | ||
| 650 | _aDIBUJO TECNICO | ||
| 650 | _aLIB | ||
| 942 | _cLIB | ||
| 999 |
_c2421 _d2421 |
||